000 00774nam a2200217 i 4500
001 bg
100 1 _aMORTIMER, Zofia
245 1 0 _aZarys fizyki Ziemi /
_cZofia Mortimer.
260 _aKraków :
_bUczelnianie Wydawnictwa Naukowo-Dydaktyczne AGH,
_c2001.
300 _a200, [1] s., [4]k.tabl.złoż. :
_brys., wykr. ;
_c24 cm.
490 1 _aSkrypty Uczelniane / Akademia Górniczo-Hutnicza im. Stanisława Staszica w Krakowie,
_x0239-6114 ;
_v1615
504 _aBibliogr.
650 9 _aGeofizyka
655 _aPodręczniki akademickie
830 0 _aSkrypty Uczelniane (Akademia Górniczo-Hutnicza im. Stanisława Staszica w Krakowie) ;
_v1615
040 _cBPK
041 0 _apl
080 _a550.3(075.8)
942 _cKS
008 s pl f |000 0 pol
999 _c40309
_d40309
856 _uhttp://koha.tu.koszalin.pl/cgi-bin/koha/opac-detail.pl?biblionumber=40309
_yKatalog online BPK